| 000 | 00000nas 2200000za 4500 |
| 001 | 9.819536 |
| 003 | CaOODSP |
| 005 | 20221107143003 |
| 007 | cr ||||||||||| |
| 008 | 160615d19871993oncar p oss f000#b0fre|d |
| 022 | |y0833-0034 |
| 040 | |aCaOODSP|bfre |
| 041 | |aeng|afre |
| 043 | |an-cn--- |
| 086 | 1 |aCS61-216-PDF |
| 245 | 00|aExploration, development and capital expenditures for mining and petroleum and natural gas wells, intentions |h[ressource électronique] / |cStatistics Canada, Science, Technology and Capital Stock Division = Dépenses d'exploration de développement et d'immobilisations pour les mines et les puits de pétrole et de gaz naturel, perspective / Statistique Canada, Division des sciences, de la technologie et du stock de capital. |
| 246 | 11|aDépenses d'exploration de développement et d'immobilisations pour les mines et les puits de pétrole et de gaz naturel, perspective |
| 260 | |aOttawa : |bStatistics Canada = Statistique Canada, |c1987-1993. |
| 310 | |aAnnuel |
| 362 | 0 |a1987-1993. |
| 500 | |aÉdition numérisée de l’imprimé [par Statistique Canada]. |
| 546 | |aTexte en anglais et en français. |
| 550 | |aLes livr. de 1991- 1993 publiées par la Division de l'investissement et du stock de capital. |
| 580 | |aAbsorbé en partie par : Private and public investment in Canada, intentions; et, Private and public investment in Canada, revised intentions. |
| 692 | 07|2gccst|aIndustrie minière |
| 692 | 07|2gccst|aMinerai |
| 692 | 07|2gccst|aIndustrie pétrolière |
| 692 | 07|2gccst|aIndustrie gazière |
| 692 | 07|2gccst|aFinances |
| 710 | 1 |aCanada.|bStatistique Canada.|bDivision de l'investissement et du stock de capital. |
| 710 | 2 |aStatistique Canada.|bDivision des sciences, de la technologie et du stock de capital. |
| 780 | 00|tInvestment statistics, exploration, development, capital and repair expenditures by mining and exploration companies |w(CaOODSP)9.819532 |
| 791 | |tExploration, development and capital expenditures for mining and petroleum and natural gas wells, intentions |eeng|w(CaOODSP)9.819533 |